Primetime Emmy Award for Outstanding Lead Actress in a Drama Series - Statistics

General Stats
  • This quiz has been taken 254 times
  • The average score is 17 of 62
Answer Stats
Year Actress % Correct
2003 Edie Falco
69%
2001 Edie Falco
69%
1999 Edie Falco
69%
2015 Viola Davis
52%
2013 Claire Danes
48%
2012 Claire Danes
48%
1988 Tyne Daly
47%
1985 Tyne Daly
47%
1984 Tyne Daly
47%
1983 Tyne Daly
47%
1987 Sharon Gless
42%
1986 Sharon Gless
42%
2004 Allison Janney
41%
2002 Allison Janney
41%
2006 Mariska Hargitay
41%
2014 Julianna Margulies
38%
2011 Julianna Margulies
38%
2007 Sally Field
35%
2009 Glenn Close
31%
2008 Glenn Close
31%
1969 Barbara Bain
26%
1968 Barbara Bain
26%
1967 Barbara Bain
26%
1966 Barbara Stanwyck
26%
1961 Barbara Stanwyck
26%
2000 Sela Ward
26%
1994 Sela Ward
26%
1997 Gillian Anderson
25%
1964 Mary Tyler Moore
25%
1982 Michael Learned
25%
1976 Michael Learned
25%
1974 Michael Learned
25%
1973 Michael Learned
25%
1980 Barbara Bel Geddes
23%
2016 Tatiana Maslany
22%
1992 Dana Delany
21%
1989 Dana Delany
21%
1972 Glenda Jackson
20%
1996 Kathy Baker
20%
1995 Kathy Baker
20%
1993 Kathy Baker
20%
1978 Sada Thompson
19%
1998 Christine Lahti
17%
2010 Kyra Sedgwick
17%
1956 Lucille Ball
17%
2005 Patricia Arquette
17%
1991 Patricia Wettig
17%
1990 Patricia Wettig
17%
1975 Jean Marsh
15%
1977 Lindsay Wagner
15%
1959 Loretta Young
15%
1957 Loretta Young
15%
1955 Loretta Young
15%
1963 Shirley Booth
14%
1962 Shirley Booth
14%
1981 Barbara Babcock
12%
1960 Jane Wyatt
12%
1958 Jane Wyatt
12%
1971 Susan Hampshire
12%
1970 Susan Hampshire
12%
1954 Eve Arden
9%
1979 Mariette Hartley
9%
No matching quizzes found
Score Distribution
Percent of People with Each Score
Percentile by Number Answered
Your Score History
You have not taken this quiz